Pokemony typu... #7 - Statystyki

Ogólne statystyki
  • Ten quiz został rozwiązany 61 razy
    53 od ostatniego zresetowania
  • Średni wynik to 42 z 160
Statystyki odpowiedzi
Pokemon % Poprawnych
Squirtle
87%
Blastoise
83%
Gigantamax Blastoise
83%
Mega Blastoise
83%
Magikarp
80%
Gyarados
72%
Mega Gyarados
72%
Wartortle
70%
Piplup
61%
Psyduck
59%
Asho-Greninja
57%
Goldeen
57%
Golduck
57%
Greninja Bitewnej Więzi
57%
Mudkip
57%
Staryu
57%
Seaking
54%
Totodile
54%
Dewgong
52%
Seel
52%
Starmie
52%
Vaporeon
50%
Froakie
48%
Poliwag
48%
Seadra
48%
Gigantamax Lapras
46%
Horsea
46%
Lapras
46%
Poliwhirl
46%
Empoleon
43%
Mega Swampert
43%
Popplio
43%
Swampert
43%
Kabuto
41%
Kabutops
41%
Mega Slowbro
41%
Slowbro
41%
Slowpoke
41%
Tentacool
41%
Tentacruel
41%
Croconaw
39%
Feraligatr
39%
Oshawott
39%
Poliwrath
39%
Omanyte
37%
Omastar
37%
Prinplup
37%
Slowking
37%
Cloyster
35%
Kyogre
35%
Pierwotny Kyogre
35%
Primarina
35%
Feebas
33%
Kingdra
33%
Marshtomp
33%
Milotic
33%
Brionne
30%
Gigantamax Kingler
30%
Kingler
30%
Krabby
30%
Mega Sharpedo
30%
Politoed
30%
Sharpedo
30%
Suicune
30%
Azumarill
28%
Dewott
28%
Samurott
28%
Shellder
28%
Buizel
26%
Lotad
26%
Marill
26%
Octillery
26%
Remoraid
26%
Sobble
26%
Wailmer
26%
Wingull
26%
Wooper
26%
Lombre
24%
Ludicolo
24%
Palkia
24%
Chinchou
22%
Corsola
22%
Gigantamax Inteleon
22%
Inteleon
22%
Pelipper
22%
Quagsire
22%
Wailord
22%
Lanturn
20%
Mantine
20%
Barboach
17%
Clamperl
17%
Corphish
17%
Luvdisc
17%
Manaphy
17%
Qwilfish
17%
Castform (Forma Deszczowa)
15%
Floatzel
15%
Gorebyss
15%
Huntail
15%
Phione
15%
Relicanth
15%
Shellos
15%
Alomomola
13%
Bibarel
13%
Finneon
13%
Rotom Mycia
13%
Spheal
13%
Walrein
13%
Basculin
11%
Clauncher
11%
Drizzile
11%
Frillish
11%
Lumineon
11%
Sealeo
11%
Surskit
11%
Bruxish
9%
Crawdaunt
9%
Dracovish
9%
Gastrodon
9%
Jellicent
9%
Keldeo (Rezolutna Forma)
9%
Keldeo (Zwyczajna Forma)
9%
Palpitoad
9%
Panpour
9%
Simipour
9%
Swanna
9%
Tapu Fini
9%
Volcanion
9%
Whiscash
9%
Arrokuda
7%
Binacle
7%
Clawitzer
7%
Dewpider
7%
Ducklett
7%
Gigantamax Urshifu (Rapid Strike)
7%
Seismitoad
7%
Tympole
7%
Urshifu (Rapid Strike)
7%
Wishiwashi (Forma Ławicy)
7%
Wishiwashi (Forma Solo)
7%
Araquanid
4%
Arctovish
4%
Barbaracle
4%
Barraskewda
4%
Caravanha
4%
Carracosta
4%
Chewtle
4%
Drednaw
4%
Gigantamax Drednaw
4%
Golisopod
4%
Pyukumuku
4%
Tirtouga
4%
Cramorant
2%
Cramorant (Forma Obżerania)
2%
Cramorant (Forma Przełykania)
2%
Froagadier
2%
Mareanie
2%
Skrelp
2%
Toxapex
2%
Wimpod
0%
Nie znaleziono quizów pasujących do podanych kryteriów
Rozkład punktacji
Procent ludzi z każdym wynikiem
Percentyl według liczby udzielonych odpowiedzi
Twoja historia wyników
Nie rozwiązałeś tego quizu od ostatniego zresetowania